书目信息 |
| 题名: |
工程机械发动机理论与性能
|
|
| 作者: | 姚怀新 主编 | |
| 分册: | ||
| 出版信息: | 北京 人民交通出版社 2007 |
|
| 页数: | 153页 | |
| 开本: | 26cm | |
| 丛书名: | ||
| 单 册: | ||
| 中图分类: | TU603 | |
| 科图分类: | ||
| 主题词: | 建筑机械 , 建筑工程--工程施工--设备 | |
| 电子资源: | ||
| ISBN: | 978-7-114-06412-8 | |
| 000 | 00588nam0 2200193 450 | |
| 001 | 0755077875 | |
| 005 | 20070830151757.87 | |
| 010 | @a978-7-114-06412-8 | |
| 100 | @a20070830d km y0chiy0120 ea | |
| 101 | 0 | @achi |
| 200 | 1 | @a工程机械发动机理论与性能@Agong cheng ji xie fa dong ji li lun yu xing neng@f姚怀新主编@Fyao huai xin zhu bian |
| 210 | @a北京@c人民交通出版社@d2007 | |
| 215 | @a153页@d26cm | |
| 606 | 0 | @a建筑机械 |
| 606 | 0 | @a建筑工程@x工程施工@x设备 |
| 690 | @aTU603@v3 | |
| 701 | 0 | @a姚怀新@Ayao huai xin@4主编 |
| 801 | 0 | @aCN@bPFT@c20070830 |
| 905 | @a213230@dTU603@eP1@f1 | |
| 工程机械发动机理论与性能/姚怀新主编.-北京:人民交通出版社,2007 |
| 153页;26cm |
| ISBN 978-7-114-06412-8: |
| ● |
| 相关链接 |
|
|
|
|
正题名:工程机械发动机理论与性能
索取号:TU603/P1
 
预约/预借
| 序号 | 登录号 | 条形码 | 馆藏地/架位号 | 状态 | 备注 |
| 1 | 7201837 | 272018657 | 密集书库-物理学院/ [索取号:TU603/P1] | 在馆 | |
| 2 | 7201838 | 272018666 | 密集书库-物理学院/ [索取号:TU603/P1] | 在馆 |